000 00466nam a2200157 4500
001 111595
003 ES-MaACL
005 20230906185329.0
007 t|
008 061121s1960 sp r ||||1| spa d
100 1 _aNarbona, Francisco.
_984932
245 1 3 _aEl Gallo
_b: semblanza de un torero fabuloso /
_cFrancisco Narbona.
260 _aMadrid :
_b[s.n.],
_c1960 (
_fGráf. Espejo)
300 _a61 p. 8 lám. ;
_c17 cm.
852 _aES-MaACL
_jC-18832
_bR.46265
999 _c111595
_d111595